00304nam a2200109Ia 4500008004100000082000800041100001400049245001500063942000600078952009500084999001500179240331s9999 xx 000 0 und d bSAK aShakthi,S 0aKolainilam cL 001040708LaWERCLbWERCLcSSCd2024-03-31l0o 323 SAKp6636r2024-03-31w2024-03-31yL c5656d5656